Statystyki dla Odpowiedź Zaczyna się na "K"

Kliknij tutaj aby rozwiązać quiz!

Ogólne statystyki

  • Ten quiz został rozwiązany 24 777 razy
    (21 685 od ostatniego zresetowania)
  • Średni wynik to 15 z 23

Statystyki odpowiedzi

PytanieOdpowiedź% Poprawnych
Który z polskich królów miał przydomek "Wielki"? (podaj imię)Kazimierz Wielki
95%
Które miasto jest stolicą Danii?Kopenhaga
95%
Podaj imię i nazwisko odkrywcy Ameryki.Krzysztof Kolumb
94%
Jaką potoczną nazwę nosił zakon rycerski, z którym wojska polskie stoczyły bitwę pod Grunwaldem?Krzyżacy
90%
Jaką nazwę nosi święta księga Islamu?Koran
89%
Jak miał na nazwisko autor "O Obrotach Ciał Niebieski"?Kopernik
89%
Jaką nazwę nosi figura geometryczna będąca płaszczyzną otoczoną okręgiem?Koło
87%
Który z pierwiastków chemicznych oznacza się symbolem "Si"?Krzem
81%
Podaj polską nazwę amerykańskiego stanu, gdzie znajdują się takie miasta jak Los Angeles i San Francisco?Kalifornia
78%
Jaką nazwę nosi druga obok tragedii forma dramatu, znana w starożytności?Komedia
75%
Jaką nazwę nosi kraina na terytorium Hiszpanii, której stolicą jest Barcelona?Katalonia
72%
Stolicą jakiego kraju jest Nur-Sułtan (niegdyś Astana)?Kazachstan
67%
Podaj nazwę afrykańskiej rzeki, której nazwę można kojarzyć z dwoma państwami na tym kontynencie.Kongo
61%
Jak w grze w pokera nazywa się układ czterech jednakowych kart w każdym z kolorów?Kareta
53%
Jaką nazwę nosi jednostka monetarna Chorwacji?Kuna
48%
Jaką nazwę nosiły oddziały chłopskie uzbrojone w kosę postawioną na sztorc w czasie powstania kościuszkowskiego?Kosynierzy
44%
Jaką wspólną nazwę nosiło wojsko konne silnie uzbrojone i opancerzone, później również określenie dla dywizji pancernych?Kawaleria
43%
Jaką nazwę nosi zebranie kardynałów mające na celu wybór nowego papieża?Konklawe
42%
Jaką nazwę nosi ideologia społeczno-polityczna broniąca tradycyjnego ładu społecznego?Konserwatyzm
37%
Jaką nazwę nosi kierunek w kulturze i sztuce europejskiej nawiązujący do wzorów kultury antycznej?Klasycyzm
34%
Jak nazywa(ł) się "Wieczny Przywódca Korei"?Kim Ir Sen
34%
Z jakim krajem należy wiązać działalność tzw. "Czerwonych Khmerów"?Kambodża
33%
Jaką nazwę z ZSRR nosiły spółdzielnie rolnicze?Kołchozy
30%

Rozkład punktacji

Percentyl według liczby udzielonych odpowiedzi

Procent ludzi z każdym wynikiem

Twoja historia wyników

Nie rozwiązałeś tego quizu od ostatniego zresetowania